Algoritmizácia a programovanie vybraných úloh fyzikálnej geodézie

Saved in:
Bibliographic Details
Main Author: Herceg, Matej, 1989- (Author)
Other Authors: Černý, Peter, 1948- (Thesis advisor)
Format: Manuscript Book
Language:Slovak
Published: Bratislava : STU v Bratislave SvF, 2013
Subjects:
Online Access:VAIS
https://opac.crzp.sk/?fn=detailBiblioForm&sid=0D77803B6B9621F08E66D8294FA2
Tags: Add Tag
No Tags, Be the first to tag this record!

MARC

LEADER 00000ntm a22000003a 4500
001 stu272051
005 20231013101517.5
008 130720s2013----xo------------------slo-d
040 |a STU  |b slo 
041 0 |a slo 
044 |a xo 
100 1 |a Herceg, Matej,  |d 1989-  |4 aut  |u V  |T SvF Stavebná fakulta  |X 58086  |U V  |Y 10  |7 A000058086 
242 0 0 |a Algorithmization and programming of chosen tasks of physical geodesy  |y eng 
245 1 |a Algoritmizácia a programovanie vybraných úloh fyzikálnej geodézie 
260 |a Bratislava :  |b STU v Bratislave SvF,  |c 2013 
650 7 |a geodézia a kartografia  |2 stusub 
650 7 |a Geodesy and Cartography  |2 estusub 
700 1 |a Černý, Peter,  |d 1948-  |4 ths  |u V130  |U SvF Stavebná fakulta  |T SvF Katedra geodetických základov  |X 968  |U V130  |Y 13  |7 A000000968 
856 4 |a info a plný text  |u http://is.stuba.sk/zp/portal_zp.pl?podrobnosti=79940  |3 VAIS 
856 4 |a CRZP  |u https://opac.crzp.sk/?fn=detailBiblioForm&sid=0D77803B6B9621F08E66D8294FA2